Most Visited Countries in Africa - Statistics

General Stats
  • This quiz has been taken 184 times
  • The average score is 8 of 10
Answer Stats
Tourists/year Country % Correct
13.0 mil Egypt
100%
10.0 mil South Africa
100%
12.0 mil Morocco
97%
1.4 mil Kenya
92%
8.0 mil Tunisia
87%
2.5 mil Algeria
85%
1.3 mil Tanzania
82%
1.0 mil Uganda
45%
2.0 mil Zimbabwe
39%
1.5 mil Mozambique
36%
No matching quizzes found
Score Distribution
Percent of People with Each Score
Percentile by Number Answered
Your Score History
You have not taken this quiz